Top 25 NBA Players With The Most Field Goals Made - Statistics

General Stats
  • This quiz has been taken 26 times
  • The average score is 15 of 25
Answer Stats
Rank Player FGM % Correct
2 LeBron James 15155
100%
5 Michael Jordan 12192
96%
1 Kareem Abdul-Jabbar 15837
92%
6 Kobe Bryant 11719
92%
15 Kevin Durant 10235
83%
7 Shaquille O'Neal 11330
83%
4 Wilt Chamberlain 12681
83%
3 Karl Malone 13528
75%
14 Tim Duncan 10285
75%
10 Hakeem Olajuwon 10749
71%
8 Dirk Nowitzki 11169
67%
24 Jerry West 9016
67%
21 Moses Malone 9435
67%
13 Kevin Garnett 10505
58%
16 Carmelo Anthony 10119
50%
18 Patrick Ewing 9702
50%
23 Russell Westbrook 9251
50%
20 Oscar Robertson 9508
46%
17 Dominique Wilkins 9963
38%
9 Elvin Hayes 10976
33%
12 John Havlicek 10513
33%
22 Vince Carter 9293
33%
11 Alex English 10659
25%
19 Robert Parish 9614
25%
25 DeMar DeRozan 8716
13%
No matching quizzes found
Score Distribution
Percent of People with Each Score
Percentile by Number Answered
Your Score History
You have not taken this quiz